5 größte slawische Sprachen - Statistiken

Allgemein
  • Dieses Quiz wurde 230 mal gespielt
  • Das Durchschnittsergebnis liegt bei 4 aus 5
Antwortstatistiken
Muttersprachlers ca. Sprache % Korrekt
160 million Russisch
96%
21 million Serbokroatisch
91%
55 million Polnisch
86%
40 million Ukrainisch
79%
11 million Tschechisch
75%
Keine übereinstimmenden Quizze gefunden
Verteilung der Resultate
Anzahl Personen mit jedem Resultat
Perzentil nach korrekt beantworteten Fragen
Ihre Resultats-Entwicklung
Sie haben dieses Quiz noch nicht gespielt